Countries within 500km of Nigeria - Statistics

General Stats
  • This quiz has been taken 15 times
  • The average score is 12 of 12
Answers on the Map
Answers color-coded by a green-red scale on the quiz's map according to % correct below.
 
Answer Stats
Answer % Correct
Benin
100%
Burkina Faso
100%
Cameroon
100%
Central African Republic
100%
Chad
100%
Equatorial Guinea
100%
Ghana
100%
Niger
100%
Togo
100%
Gabon
93%
Mali
93%
Sao Tome and Principe
79%
No matching quizzes found
Score Distribution
Percent of People with Each Score
Percentile by Number Answered
Your Score History
You have not taken this quiz